| 000 | 00604nam a2200133Ia 4500 | ||
|---|---|---|---|
| 008 | 220615s9999||||xx |||||||||||||| ||und|| | ||
| 100 | _aAracagök, Zafer | ||
| 245 | 0 | _aNon-Conceptual Negativity: Damaged Reflections on Turkey | |
| 546 | _aEnglish[eng] | ||
| 650 | _aphilosophy||critical theory||Turkey||Gilles Deleuze||fascism | ||
| 700 | _aBerardi, Fraco "Bifo" | ||
| 856 | _uhttps://library.oapen.org/bitstream/20.500.12657/25270/1/1004824.pdf||https://library.oapen.org/bitstream/20.500.12657/25270/1/1004824.pdf||https://library.oapen.org/bitstream/20.500.12657/25270/1/1004824.pdf | ||
| 942 | _cEB | ||
| 999 |
_c19100 _d19100 |
||